Advanced approaches in echocardiography / (Record no. 12334)

MARC details
000 -LEADER
fixed length control field 02401cam a2200373 a 4500
001 - CONTROL NUMBER
control field 721907688
003 - CONTROL NUMBER IDENTIFIER
control field OCoLC
005 - DATE AND TIME OF LATEST TRANSACTION
control field 20240812074858.0
008 - FIXED-LENGTH DATA ELEMENTS--GENERAL INFORMATION
fixed length control field 110810s2012 paua bf 001 0 eng
010 ## - LIBRARY OF CONGRESS CONTROL NUMBER
LC control number 2011033838
015 ## - NATIONAL BIBLIOGRAPHY NUMBER
National bibliography number GBB1C4266
Source bnb
020 ## - INTERNATIONAL STANDARD BOOK NUMBER
International Standard Book Number 9781437726978 (hardcover : alk. paper)
020 ## - INTERNATIONAL STANDARD BOOK NUMBER
International Standard Book Number 1437726976 (hardcover : alk. paper)
035 ## - SYSTEM CONTROL NUMBER
System control number (OCoLC)721907688
Canceled/invalid control number (OCoLC)758984088
040 ## - CATALOGING SOURCE
Original cataloging agency DNLM/DLC
Transcribing agency DLC
Modifying agency YDX
-- BTCTA
-- NLM
-- YDXCP
-- UKMGB
042 ## - AUTHENTICATION CODE
Authentication code pcc
050 #4 - LIBRARY OF CONGRESS CALL NUMBER
Classification number RC683.5.U5
Item number A38 2012
060 10 - NATIONAL LIBRARY OF MEDICINE CALL NUMBER
Classification number WG 39
082 00 - DEWEY DECIMAL CLASSIFICATION NUMBER
Classification number 616.1/207543
Edition number 23
Item number GIL
096 ## - LOCALLY ASSIGNED NLM-TYPE CALL NUMBER (OCLC)
Classification number WG 39
Item number A244 2012
245 00 - TITLE STATEMENT
Title Advanced approaches in echocardiography /
Statement of responsibility, etc [edited by] Linda D. Gillam, Catherine M. Otto.
260 ## - PUBLICATION, DISTRIBUTION, ETC. (IMPRINT)
Place of publication, distribution, etc Philadelphia, PA :
Name of publisher, distributor, etc Elsevier/Saunders,
Date of publication, distribution, etc c2012.
300 ## - PHYSICAL DESCRIPTION
Extent xv, 253 p. :
Other physical details ill. (chiefly col.) ;
Dimensions 27 cm.
490 1# - SERIES STATEMENT
Series statement Practical echocardiography series
504 ## - BIBLIOGRAPHY, ETC. NOTE
Bibliography, etc Includes bibliographical references and index.
505 0# - FORMATTED CONTENTS NOTE
Formatted contents note Transthoracic three dimensional echocardiography / Victor Mor-Avi, Roberto Lang -- Advanced echocardiography approaches: 3D transesophageal assessment of the mitral valve / Jonathan Passeri, Judy Hung -- Two -dimensional and three dimensional echocardiographic evaluation of the right ventricle / Takahiro Shiota -- Transthoracic and transesophageal echocardiography in the catheterization laboratory / Rebecca Hahn and Linda Gillam -- Intracardiac echocardiography for common interventions on structural heart disease / Anna Bortnick and Frank Silvestry -- Strain and strain-rate imaging / Thomas Marwick -- Assessing twist and torsion / Sherif Nagueh -- Echocardiographic tools for cardiac resynchronization therapy / Veronica Lea Dimaano, Kristian Eskesen, and Theadore Abraham -- Contrast perfusion echocardiography / Joan Olson, Feng Xie, and Thomas Porter -- Evaluation of coronary blood flow by echo doppler / Nozomi Watanabe -- Stress testing for structural heart disease / Catherine Otto and David Owens -- Multimodality cardiac imaging -- when is echo not enough? / Nuno Cortez Dias, Ana Almeida, and Fausto Pinto.
650 #0 - SUBJECT ADDED ENTRY--TOPICAL TERM
Topical term or geographic name as entry element Echocardiography
Form subdivision Handbooks, manuals, etc.
9 (RLIN) 23600
650 12 - SUBJECT ADDED ENTRY--TOPICAL TERM
Topical term or geographic name as entry element Echocardiography
General subdivision methods.
9 (RLIN) 23601
655 #2 - INDEX TERM--GENRE/FORM
Genre/form data or focus term Handbook.
-- 23067
700 1# - ADDED ENTRY--PERSONAL NAME
Personal name Gillam, Linda D.
9 (RLIN) 23602
700 1# - ADDED ENTRY--PERSONAL NAME
Personal name Otto, Catherine M.
9 (RLIN) 23603
830 #0 - SERIES ADDED ENTRY--UNIFORM TITLE
Uniform title Practical echocardiography series.
9 (RLIN) 23604
942 ## - ADDED ENTRY ELEMENTS (KOHA)
Source of classification or shelving scheme Dewey Decimal Classification
Item type Books
Holdings
Withdrawn status Lost status Source of classification or shelving scheme Damaged status Not for loan Home library Current library Date acquired Inventory number Total Checkouts Full call number Barcode Date last seen Copy number Price effective from Koha item type
    Dewey Decimal Classification     Main Library Faculty of Nursing & Health Sciences Library 12/08/2024 34991   616.1/207543 GIL bsu24081140 12/08/2024 001 12/08/2024 Books

© 2017 Bishop Stuart University Library. All Rights Reserved.
Kakoba Campus, Plot 150 Buremba Road | P.O. Box 9, Mbarara, UGANDA | Tel: +256-772-463068
Email: library@bsu.ac.ug